000 01005nam a2200313 i 4500
003 EG-GICUC
005 20260208113123.0
008 260208s1957 fr ||||fr ||| 00| 0 fre d
040 _aEG-GICUC
_cEG-GICUC
_dEG-GICUC
_erda
_bara
041 0 _afre
082 0 4 _221
_a341.81
_bRO . R
092 0 4 _221
099 _aLaw1 12 341.81 RO . R 1957
100 1 _aRouast,André
_eAuteur
245 _aLe Régime Matrimonial Légal Dans Les Législations Contemporaines .
_hTome 13 /
_cAndré Rouast .
264 0 _aParis :
_bLes Éditions De L’Épargne ,
_c1957 .
300 _a364 Pages;
_c30 cm.
336 _atext
_2rda content
337 _aComputer
_2rda media
338 _aOnline Resource
_2rda carrier
546 _aTexte en français
650 0 4 _aDroit International Privé
650 0 4 _aNationalité
700 1 _aHerzog,Jacques Bernard
_eAuteur
700 1 _aZajtay,Imre
_eAuteur
856 _uhttps://fll.law.cu.edu.eg/fulltext/th/B12-02380.pdf
905 _a59
942 _2ddc
_cBK
_e21
_n0
999 _c61530
_d61530